LEADER 01285nam a2200229 4500 001 000000341545 003 CaOOAMICUS 005 20200817141956.0 008 200817s1829 it a 000 u ita r 026 $ao.di d,t. lala cene (7) 1829 (A) 040 $aSeMil$bita 245 00$aTomo 3. Parte 1. 264 1$aVenezia :$bDai tipi di Giuseppe Antonelli ed. librajo-calcografo,$c1829. 300 $a1084 p., [1] carta di tav. :$bantip. calcogr. ;$c8° 500 $aAntiporta (L'America) incisa da Felice Zuliani su disegno di Cecilio Rizzardini 773 0 $tNuovo dizionario geografico universale statistico-storico-commerciale compilato sulle grandi opere di Arrowsmith, Busching, Balbi, ... e di altri autori d'ogni eta e d'ogni nazione. Conforme alle ultime politiche transazioni e alle piu recenti scoperte ... Tomo 1. [- 4. parte 2.].$dVenezia : Dai tipi di Giuseppe Antonelli ed. librajo-calcografo, 1826-1833.$g3.1$w()341540 850 $aSeMil 852 $aSeMil$W1$xVenegono$y1$m3XG IV 5 FA$j220713$B232546$CSeMilBibl$Z2$F232546 $8I 941 1 $a10 996 $6245$aTomo 3. Parte 1$9(OLS)http://semarc/title/318338 996 $6264$aVenezia :$bDai tipi di Giuseppe Antonelli ed. librajo-calcografo$9(OLS)http://semarc/publisher/59216 LEADER 01528nam a2200325 4500 001 000000337673 003 CaOOAMICUS 005 20191031163651.0 008 191031s20072007it 000 u ita r 040 $aSeMil$bita 100 1 $aCaesar, Gaius Iulius,$d.$0(OLS)http://semarc/name/8120 245 10$aOpera omnia /$cGaio Giulio Cesare ; a cura di Adriano Pennacini ; traduzioni di Antonio La Penna e Adriano Pennacini ; commenti di Michele Faraguna, Albino Garzetti e Dionigi Vottero. 264 1$aMilano :$bMondadori,$c2007. 300 $a2 v. ;$c18 cm 490 1 $aI classici collezione 500 $aTesto orig. a fronte 500 $aSuppl. alleg. a: Panorama, TV Sorrisi e canzoni, Chi, Donna moderna, Grazia, Tu. 700 1 $aVottero, Dionigi,$d<1948- >.$0(OLS)http://semarc/name/16311 700 1 $aFaraguna, Michele.$0(OLS)http://semarc/name/110443 700 1 $aPennacini, Adriano.$0(OLS)http://semarc/name/9575 700 1 $aLa Penna, Antonio,$d<1925- >.$0(OLS)http://semarc/name/5233 700 1 $aGarzetti, Albino.$0(OLS)http://semarc/name/17816 774 0 $t1.$dMilano : Mondadori, 2007.$kClassici collezione$w()337674 774 0 $t2.$dMilano : Mondadori, 2007.$kClassici collezione$w()337675 830 2$aI classici collezione.$0(OLS)http://semarc/title/426636 900 0 $aGiulio Cesare. 996 $6245$aOpera omnia$9(OLS)http://semarc/title/2151 996 $6264$aMilano :$bMondadori$9(OLS)http://semarc/publisher/30335 LEADER 01357nam a2200289 i 4500 001 000000227051 003 CaOOAMICUS 005 20140212000000.0 008 140212s1974 it u000 u ita u 013 $a205953 040 $aSeMil$bita 100 1 $aPavan, Pietro,$c.$0(OLS)http://semarc/name/1345 245 13$aIl fattore sociologico nello ateismo di massa /$cPietro Pavan. 246 04$iTitolo in copertina:$aIl fattore sociologico nell'ateismo di massa 260 $aRoma :$bPontificia Università Lateranense,$c1974. 260 $aRoma :$bCittà Nuova,$c1974. 300 $aXIV, 128 p. ;$c21 cm. 490 0 $aIl fatto religioso : nella storia della salvezza ;$v1 650 4$aAteismo - Sec. 20.$0(OLS)http://semarc/subject/13364 830 3$aIl fatto religioso ;$v1.$0(OLS)http://semarc/title/23131 850 $aSeMil 852 $aSeMil$W1$xVenegono$y1$m3N VI 399$j177397$B177397$CSeMilBibl$Z2$F189487 $81 961 $aOmaggio: Ferrario mons. Emilio 996 $6245$aIl fattore sociologico nello ateismo di massa$9(OLS)http://semarc/title/325042 996 $6246$aIl fattore sociologico nell'ateismo di massa$9(OLS)http://semarc/title/325043 996 $6260$aRoma :$bCittà Nuova$9(OLS)http://semarc/publisher/29609 996 $6260$aRoma :$bPontificia Università Lateranense$9(OLS)http://semarc/publisher/30174